The return of Try this one: (Record no. 12491)

000 -LEADER
fixed length control field 00691nam a2200205 a 4500
001 - CONTROL NUMBER
control field :::00010293$&:&@@
003 - CONTROL NUMBER IDENTIFIER
control field OkBaRHE
005 - DATE AND TIME OF LATEST TRANSACTION
control field 20100401165141.0
008 - FIXED-LENGTH DATA ELEMENTS--GENERAL INFORMATION
fixed length control field s1986 j 000 0 eng u
020 ## - INTERNATIONAL STANDARD BOOK NUMBER
International Standard Book Number 0931529131 (pbk.)
040 ## - CATALOGING SOURCE
Transcribing agency
245 14 - TITLE STATEMENT
Title The return of Try this one:
Remainder of title ideas for youth groups.
260 ## - PUBLICATION, DISTRIBUTION, ETC. (IMPRINT)
Place of publication, distribution, etc Loveland, CO., :
Name of publisher, distributor, etc Group Books
Date of publication, distribution, etc 1986
300 ## - PHYSICAL DESCRIPTION
Extent 80 p. : illus. ;
Dimensions 22 cm.
650 ## - SUBJECT ADDED ENTRY--TOPICAL TERM
Topical term or geographic name as entry element Church Group Work with Youth
General subdivision Handbooks, Manuals, etc.
700 ## - ADDED ENTRY--PERSONAL NAME
Personal name Bucella, Mark, Illus.
700 ## - ADDED ENTRY--PERSONAL NAME
Personal name Hansen, Cindy S., Ed.
942 ## - ADDED ENTRY ELEMENTS (KOHA)
Source of classification or shelving scheme
Koha item type Books
Copies
Barcode Koha item type Shelving location Withdrawn status Permanent Location Date last seen Price effective from Lost status Damaged status Source of classification or shelving scheme Not for loan Date acquired Full call number Copy number
10293BooksGeneral Stacks RHEMA Bible Training College2010-04-142010-04-14    2010-04-14BV 4447 .R435 19861